تز کر ہ ء سر ا ج ا لمجز و بين (Record no. 188321)

MARC details
000 -LEADER
fixed length control field 00781nam a22001937a 4500
005 - DATE AND TIME OF LATEST TRANSACTION
control field 20220518163330.0
010 ## - LCCN (DPL NO)
LC control number UR-11564
020 ## - INTERNATIONAL STANDARD BOOK NUMBER
Terms of availability 150.00
International Standard Book Number 9788194178392
035 ## - SYSTEM CONTROL NUMBER
System control number U-10119
037 ## - SOURCE OF ACQUISITION
Source of stock number/acquisition DBAD/PUB
Stock number -
082 ## - DEWEY DECIMAL CLASSIFICATION NUMBER
Classification number 921.270
Edition number Ist
100 ## - MAIN ENTRY--PERSONAL NAME
Personal name محمد غضنفر علی قر يشی قا ر ی
245 ## - TITLE STATEMENT
Title تز کر ہ ء سر ا ج ا لمجز و بين
Statement of responsibility, etc محمد غضنفر علی قر يشی قا د ر ی
Medium ا ر د و
246 ## - VARYING FORM OF TITLE
Remainder of title Tazkira-e-Siraj-Ul Majzoobeen (Urdu)
Title proper/short title by Mohd.Ghazanfar Ali Qureshi Qadri
260 ## - PUBLICATION, DISTRIBUTION, ETC. (IMPRINT)
Place of publication, distribution, etc Tilangana
Name of publisher, distributor, etc Al-Ansar Publications
Date of publication, distribution, etc 2000 ء
270 ## - ADDRESS
Address # 18-8-253/36/A,Jamal Colony,Riyasat Nagar,
City Hyderabad
Postal code 500059
Telephone number 09391301192
Fax number -
300 ## - PHYSICAL DESCRIPTION
Extent 145 ص
Dimensions 22 Cm(Hb)
942 ## - ADDED ENTRY ELEMENTS (KOHA)
Source of classification or shelving scheme Dewey Decimal Classification
Item type Urdu Bks
Classification part 921.270
Call number suffix ب ر ہ
Holdings
Withdrawn status Lost status Not for loan Collection code Home library Current library Date acquired Source of acquisition Cost, normal purchase price Full call number Barcode Copy number Cost, replacement price Koha item type
    Not For Loan Non-fiction D.B.Act.Division Central Library 18/05/2022 DBAD/PUB 150.00 921.270 ب ر ہ U-10119 1 150.00 Urdu Bks

© Delhi Public Library
Hit Counter
free hit counter